LIBRARY ONLINE CATALOGUE

Concise pharmacology & pharmacotherapeutics (Record no. 16638)

MARC details
000 -LEADER
fixed length control field 00500nam a22001697a 4500
008 - FIXED-LENGTH DATA ELEMENTS--GENERAL INFORMATION
fixed length control field 180203b xxu||||| |||| 00| 0 eng d
020 ## - INTERNATIONAL STANDARD BOOK NUMBER
International Standard Book Number NI
040 ## - CATALOGING SOURCE
Original cataloging agency KABU
Transcribing agency KABU
050 ## - LIBRARY OF CONGRESS CALL NUMBER
Classification number RM300
Item number .K56 2015 c. 1
245 ## - TITLE STATEMENT
Title Concise pharmacology & pharmacotherapeutics
Statement of responsibility, etc. edited by James H. Kimotho
250 ## - EDITION STATEMENT
Edition statement 3rd ed.
260 ## - PUBLICATION, DISTRIBUTION, ETC. (IMPRINT)
Place of publication, distribution, etc. Nairobi
Name of publisher, distributor, etc. Pharmaceutical Loci publishers
Date of publication, distribution, etc. 2015
300 ## - PHYSICAL DESCRIPTION
Extent vi, 296 p.
650 ## - SUBJECT ADDED ENTRY--TOPICAL TERM
Topical term or geographic name as entry element Pharmacology
700 ## - ADDED ENTRY--PERSONAL NAME
Personal name Kibwagi, I.O.
942 ## - ADDED ENTRY ELEMENTS (KOHA)
Source of classification or shelving scheme Library of Congress Classification
Koha item type General Collection
Edition 3rd ed.
Classification part RM300
Holdings
Withdrawn status Lost status Source of classification or shelving scheme Not for loan Home library Current library Shelving location Date acquired Cost, normal purchase price Total Checkouts Total Renewals Full call number Barcode Date last seen Date last checked out Copy number Price effective from Koha item type
    Library of Congress Classification   Kabarak, Main Campus Kabarak, Main Campus General Stacks 03/02/2018 1160.00 18 2 RM300 .K56 2015 c. 1 027924 25/07/2019 22/06/2019 c. 1 03/02/2018 General Collection
    Library of Congress Classification   Kabarak, Main Campus Kabarak, Main Campus General Stacks 03/02/2018 1160.00 24 2 RM300 .K56 2015 c. 2 027926 24/06/2024 20/05/2024 c. 2 03/02/2018 General Collection
    Library of Congress Classification   Kabarak, Main Campus Kabarak, Main Campus General Stacks 03/02/2018 1160.00     RM300 .K56 2015 c. 3 027927 03/02/2018   c. 3 03/02/2018 General Collection